Govt. of
Madhya Pradesh

The Lily of The Valley (Record no. 39054)

MARC details
000 -LEADER
fixed length control field 002800000a22001330004500
003 - CONTROL NUMBER IDENTIFIER
control field MACL
040 ## - CATALOGING SOURCE
Original cataloging agency MACL
090 ## - LOCALLY ASSIGNED LC-TYPE CALL NUMBER (OCLC); LOCAL CALL NUMBER (RLIN)
-- 39485
-- 39483
100 ## - MAIN ENTRY--PERSONAL NAME
Personal name Balzac, H De
245 ## - TITLE STATEMENT
Title The Lily of The Valley
260 ## - PUBLICATION, DISTRIBUTION, ETC. (IMPRINT)
Name of publisher, distributor, etc. The Macmillan Company
650 ## - SUBJECT ADDED ENTRY--TOPICAL TERM
Topical term or geographic name as entry element Novel
942 ## - ADDED ENTRY ELEMENTS (KOHA)
Koha item type Library Membar
Call number prefix 823/BAL
Holdings
Withdrawn status Lost status Damaged status Not for loan Home library Current library Date acquired Total Checkouts Full call number Barcode Date last seen Uniform Resource Identifier Price effective from Koha item type
        MACL MACL 15/04/2015   823/BAL BOOK CLE10692 29/04/2015 39278 15/04/2015 Books